01105nam a2200253 i 450000100060000000300090000600500170001500700030003200800410003502000180007608000210009410000420011524501940015725000120035126001120036330000220047549000360049771000450053371000680057883000440064685200220069099900170071295201220072917307ES-MaACL20230906151540.0t|010126s2000 sp ||||1| spa d a84-451-1782-3 a821.134.2-23"19"1 aFernández García, Jesús.94980910aAzorín y Baroja, hurgando en sus recuerdos b: texto dramático basado en las actitudes, ideas y temas del grupo fundamental de la "generación del 98" / cJesús Fernández García. a1ª ed. aMadrid : bAsociación de Autores de Teatro : bConsejería de Cultura de la Comunidad de Madrid, c2000. a111 p. ; c22 cm.1 aDamos la palabra. Textos ; v122 aAsociación de Autores de Teatro.915651 aMadrid (Comunidad Autónoma). bConsejería de Cultura.955941 aDamos la palabra. Textos ; v129180281 aES-MaACLjL-24164 c17307d17307 00104070aATENEOMbATENEOMcDEPO2d2008-01-17eSCl0oL-24164p1017658r2023-02-23 00:00:00w2023-02-23yMONOGRAFIA